00471nam a2200145 i 450000100060000000300090000600500170001500700030003200800410003524501310007626000340020730000210024170000200026285200430028249352ES-MaACL20230906161931.0t|190417s1872 fr ||||1| fre d03aLa politique commerciale de la France, ou le traité de 1860 avec l'Angleterre / ctraduit de l'anglais, par M. K. B. Murray. aParis : bGuillaumin, c1872. a31 p. ; c22 cm.1 aMurray, Kenric. aES-MaACLjT-1285-F-1 z.- Donat. Bosch